000 00688cam a22002654a 4500
001 16845717
003 OSt
005 20150721150249.0
008 110627s2013 maua 001 0 eng
010 _a 2011024002
020 _a9781256633020
020 _a0321769503
035 _a(OCoLC)ocn733755199
040 _aSEKU
042 _apcc
050 0 0 _aQA 154.3
_b.T6 2013
245 0 0 _aIntermediate algebra
_cJohn Tobey ... [et al.].
250 _a7th ed.
260 _aBoston :
_bPearson,
_cc2013.
300 _axii, 638, [99] p. :
_bcol. ill. ;
_c28 cm.
500 _aIncludes index.
650 0 _aAlgebra
_vTextbooks.
700 1 _aTobey, John,
_d1943-
942 _2lcc
_cGEN
999 _c6587
_d6587